000
00302nam a2200097Ia 4500
008
220204s9999 xx 000 0 und d
082
_a
NR:339.13
_b
UPA
245
0
_a
Workshop on the latest trends in exploitation, processing and marketing of natural rubber
260
_a
Kottayam
_b
UPASI
_c
1992
942
_c
BK
999
_c
40444
_d
40444